| 000 | 00660nam a2200217 a 4500 | ||
|---|---|---|---|
| 001 | BRCA_6538 | ||
| 005 | 20190320205509.0 | ||
| 008 | 290911s1920----gw-abo####---#000-0#ger-# | ||
| 041 | _ager | ||
| 044 | _agw | ||
| 050 | 4 |
_aS452 _b.H36 1920 |
|
| 100 | 1 |
_aHansen, Adolf _d1851-1920 _916318 |
|
| 245 | 1 | 0 |
_aDie Pflanzendecke der Erde _beine allgemeine Pflanzengeographie _cvon Adolf Hansen. |
| 260 |
_aLeipzig, Alemania _bBibliographisches Institut _c1920 |
||
| 300 |
_a276 p. _bil. (algunas a color), mapas, fotografías _c22 cm. |
||
| 500 | _aL81 | ||
| 504 | _aBibliografía: p. 275-276 | ||
| 650 | 1 | 4 |
_aFitogeografía _916319 |
| 902 | _aGFM | ||
| 942 |
_2lcc _cB |
||
| 999 |
_c6222 _d6222 |
||